000 00540cam a2200229 4500
001 2691850
005 20171222064432.0
008 720811s1972 nyua b 001 0 eng
010 _a 75174827
020 _a0465054560
040 _aDLC
_cDLC
_dDLC
041 _aeng
080 _a729.01 GUT
082 0 0 _a729.01 GUT
100 1 _a41
101 _aARK
245 1 0 _aPeople and buildings.
350 _a$12.50
504 _aBibliography: p. 435-461.
906 _a7
_bcbc
_corignew
_d2
_encip
_f19
_gy-gencatlg
942 _2ddc
_cBK
999 _c39324
_d39324